000 00470nam a2200181Ia 4500
005 20250425161502.0
008 250425s9999 xx 000 0 und d
041 _aspa
082 _a621.3
100 _aNETUSIL, A. V.
245 0 _aPRINCIPIOS DE ELECTROTECNIA:CIRCUITOS CON PARAMETROS CONCENTRADOS Y DISTRIBUIDOS
250 _a1A ED.
260 _aArgentina
_bCARTAGO S.R.L.
_c1959
260 _aBUENOS AIRES
300 _a418
942 _c01
010 _a21383
999 _c210212
_d210212